000 00425nam a2200181Ia 4500
001 16455
005 20260306170310.0
008 260306t2000||||xx |||||||||||||| ||und||
041 _aESP
082 _a348.6
_bE86 T. 2
100 _aEspinoza de la Cruz, Isaac M.
_eAUT
245 0 _aCompendio de legislación laboral
260 _c2000
300 _a
_c
650 _aGEN
654 _aCDE
942 _cLIB
_dJUS
_fJUS
_2ddc
_n
999 _c16455
_d16455